000 00330nam a2200133Ia 4500
008 210210b1959 xxu||||| |||| 00| 0 eng d
082 _a150/158
100 _aORTON, J L.
245 _aAuto-suggestion: how to master it.
260 _a
_bNot Mentioned
_c1959
650 _aAuto suggestion
690 _aPsychology
906 _a001109
999 _c77625
_d77625